Na jakiej stacji jest/był emitowany ten teleturniej? - Statystyki

Ogólne statystyki
  • Ten quiz został rozwiązany 250 razy
  • Średni wynik to 11 z 20
Statystyki odpowiedzi
Teleturniej Stacja % Poprawnych
Awantura o Kasę Polsat
92%
Milionerzy TVN
86%
Familiada TVP2
86%
Jaka to Melodia? TVP1
85%
Koło Fortuny TVP2
85%
Hugo Polsat
71%
Va Banque TVP2
68%
Najsłabsze Ogniwo TVN
67%
Idź Na Całość Polsat
63%
Chwila Prawdy TVN
57%
Grasz Czy Nie Grasz Polsat
55%
Rosyjska Ruletka Polsat
54%
Życiowa Szansa Polsat
44%
Strzał w 10 Polsat
43%
Dobra Cena TVN
41%
Lingo TV4
24%
Big Music Quiz TVP1, TVP2
19%
Postaw na Milion TVP1, TVP2
19%
The Wall TVP1, TVP2
19%
Wielka Gra TVP1, TVP2
18%
Nie znaleziono quizów pasujących do podanych kryteriów
Rozkład punktacji
Procent ludzi z każdym wynikiem
Percentyl według liczby udzielonych odpowiedzi
Twoja historia wyników
Nie rozwiązałeś tego quizu